00536nam a2200181Ia 4500100001800000650001600018250000600034942000700040366000700047654001800054245004500072260004400117082002000161300000800181546001200189999001700201952013600218 aKoblitz/Neal  aCrptography a2 cBK f20 anumber theroy aCourse in Number theory and cryptography bSpringer InternationalaNew Delhic1994 a005.82/KOBbKOB a235 aENGLISH c27449d27449 001040708CRCaCRCEbCRCEd2023-03-17eAne Books Indiag396.00i355l0o005.82/KOB KOBp18688r2023-03-17v495.00w0000-00-00yBK